00418nam a22001337a 4500003000400000005001700004008004100021040000800062082001700070100003100087245009300118260005500211300001800266OSt20190212174100.0190212b ||||| |||| 00| 0 eng d cDLC a261.2bP733w aPlueddemann , Carl and Jim aWitnesses to All the World/bGod's Heart for the Nations/cby Plueddemann , Carl and Jim aIllinois, wheaton:bHarold Shaw Publisher:cc.1996 a68 p.;c20 cm